| 000 | 00349cam a22000977a 4500 | ||
|---|---|---|---|
| 008 | 180718b1959 xxu||||| |||| 00| 0 eng d | ||
| 082 | _aP00x5433 p969 | ||
| 245 | _aPunjab education code: grant in aid fee, scholarship, general and recognition rules and appendices | ||
| 260 |
_aChandigarh _bThe Controller printing and stationery _c1959 |
||
| 300 | _a148p. | ||
| 999 |
_c414246 _d414246 |
||